| 000 | 00797cab a2200229 4500 | ||
|---|---|---|---|
| 001 | ABS49242 | ||
| 008 | 090401t1993 xxu||||| |||| 00| 0 eng d | ||
| 035 | _a(Sirsi) u70486 | ||
| 041 | _aeng | ||
| 100 | _aMcIntosh, A. | ||
| 245 | _aMethods in the nervous Nineties | ||
| 260 | _c1993 | ||
| 350 | _a0 | ||
| 490 |
_aEstates Gazette _v(9332) 14 August 1993, 70-71(2) |
||
| 520 | _aClaims that with the new trading environment of low inflation, low interest rates and lower economic growth, the traditional methods of valuation are coming back into fashion for property where the rental growth prospects are uncertain. | ||
| 650 | _aLEASEHOLD VALUATIONS | ||
| 650 | _aRENTAL GROWTH | ||
| 650 | _aVALUATION METHODS | ||
| 690 | _aRATING AND VALUATION | ||
| 942 | _n0 | ||
| 948 | _c04/03/1997 | ||
| 999 |
_c44335 _d44335 |
||